Précis d'ancien français : Morphologie et syntaxe (notice n° 2118875)
[ vue normale ]
| 000 -LEADER | |
|---|---|
| fixed length control field | 01435cam a2200133 4500500 |
| 005 - DATE AND TIME OF LATEST TRANSACTION | |
| control field | 20260405015858.0 |
| 041 ## - LANGUAGE CODE | |
| Language code of text/sound track or separate title | fre |
| 042 ## - AUTHENTICATION CODE | |
| Authentication code | dc |
| 100 10 - MAIN ENTRY--PERSONAL NAME | |
| Personal name | Joly, Geneviève |
| Relator term | author |
| 245 00 - TITLE STATEMENT | |
| Title | Précis d'ancien français : Morphologie et syntaxe |
| 260 ## - PUBLICATION, DISTRIBUTION, ETC. | |
| Name of publisher, distributor, etc. | Armand Colin,<br/> |
| Date of publication, distribution, etc. | 2018.<br/> |
| 520 ## - SUMMARY, ETC. | |
| Summary, etc. | Destiné aux étudiants de lettres de licence et de master, et aussi à ceux qui préparent les concours du CAPES et de l’agrégation, ce manuel fournit les éléments indispensables au traitement des sujets proposés de façon récurrente aux examens et concours.Il se compose de trois grandes parties : les deux premières sont consacrées à la morphologie (nominale puis verbale) et la troisième à la syntaxe. En morphologie, chaque question est envisagée dans la double perspective synchronique et diachronique. La section syntaxe offre des « grilles » d’analyse préétablies : chaque chapitre propose un plan d’étude précis, illustré d’exemples empruntés aux œuvres « classiques » du Moyen Âge. Ce plan doit permettre d’identifier, de classer et de commenter toute occurrence rencontrée dans les textes inscrits aux programmes.Cette nouvelle édition est enrichie d’un nouveau chapitre sur le participe passé et des compléments sur la négation et les propositions relatives. |
| 856 41 - ELECTRONIC LOCATION AND ACCESS | |
| Uniform Resource Identifier | <a href="https://shs.cairn.info/precis-d-ancien-francais--9782200286163?lang=fr&redirect-ssocas=7080">https://shs.cairn.info/precis-d-ancien-francais--9782200286163?lang=fr&redirect-ssocas=7080</a> |
Pas d'exemplaire disponible.




Réseaux sociaux